00386nam a2200121 a 4500001000400000003000500004005001700009008004100026040002000067100003100087245012600118260002000244257CDMR20150407164202.0130130s1973||||||||||||||||||||||||||||d aCDMRbcatcCDMR1 aBatalla, Xavierd1948-201210aAproximación al estudio de concepto y medida de la articulación en la prensa escrita diaria...cJavier Batalla Garcia aBarcelonac1973